Apartmány Technik

Salvato in:
Dettagli Bibliografici
Autore principale: Beláková, Barbora (Autore)
Altri autori: Selcová, Ľubica, 1963- (Relatore della tesi)
Natura: Manoscritto Libro
Lingua:slovacco
Pubblicazione: Bratislava 2015
Soggetti:
Accesso online:http://is.stuba.sk/zp/portal_zp.pl?podrobnosti=82241
Tags: Aggiungi Tag
Nessun Tag, puoi essere il primo ad aggiungerne!!

MARC

LEADER 00000ntm a22000003a 4500
001 stuzp52568
003 SK-STU
005 20210226073644.3
007 ta
008 150427s2015----xo-----f-mn---000-0-slo-d
040 |a STU  |b slo 
041 0 |a slo 
100 1 |a Beláková, Barbora  |u 051110  |4 aut  |U FAD Fakulta architektúry  |T FA Ústav architektúry obytných budov  |X 8107  |U A1110  |Y 392  |7 8107 
242 0 1 |a The Technik Apartments  |y eng 
245 1 0 |a Apartmány Technik 
260 |c 2015  |a Bratislava 
650 4 |a študentské bývanie  |2 slo 
650 4 |a apartmány  |2 slo 
650 4 |a univerzitné centrum  |2 slo 
650 4 |a apartments  |2 eng 
650 4 |a University centrum  |2 eng 
650 4 |a accommodation  |2 eng 
700 1 |a Selcová, Ľubica,  |d 1963-  |4 ths  |X 4198  |7 A000004198 
856 4 |u http://is.stuba.sk/zp/portal_zp.pl?podrobnosti=82241  |u https://opac.crzp.sk/?fn=detailBiblioForm&sid=367CD704F5D5570C77E0F3DE3652 
SQL |a stuzp52568  |b DBP  |c SLO  |d Apartmány Technik  |e 8107  |f Beláková, Barbora  |g 051110  |h 4198  |i Selcová, Ľubica  |j 20150611  |k 149  |l 05  |m http://is.stuba.sk/zp/portal_zp.pl?podrobnosti=82241  |n B-AU  |o 5.1.1. architektúra a urbanizmus